000 00776nam a2200229Ia 4500
003 GCL
008 140319s9999 xx 000 0 ara d
040 _aGCL /
_cGCL
082 0 4 _a516.5
_bب ر
100 1 _aبرهامى حشيش
245 1 0 _aالجبر والهندسة التحليلية- رياضيات الهندسة الكهربية /
_cبرهامى حشيش
700 1 _aاحمد شوقى عمار
260 _a[S.N] :
_bدار الراتب الجامعية ،
_c1985
300 _a198 ص
490 _aسلسلة الرياضيات الهندسية
_v0
650 0 4 _aالجبر
650 0 4 _aالهندسة
650 0 4 _aالرياضيات
650 0 4 _aالهندسة التحليلية
650 0 4 _aالهندسة الكهربية
942 _2ddc
_cBK
999 _c52379
_d52379